|
|
|
|
| LEADER |
01209nam a2200301 a 4500 |
| 001 |
15231016 |
| 008 |
120111r20102007cc a b 001 0 eng d |
| 010 |
|
|
|a 2008272739
|
| 020 |
|
|
|a 9780596529550 (pbk.)
|
| 020 |
|
|
|a 0596529554 (pbk.)
|
| 020 |
|
|
|a 9788184043693
|
| 040 |
|
|
|a UKM
|c UKM
|d BAKER
|d BTCTA
|d IF9
|d YDXCP
|d TXA
|d DLC
|d BD-DhAAL
|
| 082 |
0 |
4 |
|a 004.65
|2 22
|
| 999 |
|
|
|c 11758
|d 11758
|
| 999 |
|
|
|c 11758
|
| 100 |
1 |
|
|a Josuttis, Nicolai M.
|9 7593
|
| 245 |
1 |
0 |
|a SOA in practice /
|c Nicolai M. Josuttis.
|
| 250 |
|
|
|a 1st ed.
|
| 260 |
|
|
|a Beijing ;
|a Sebastopol :
|b O'Reilly ;
|a New Delhi :
|b Shroff Publishers and Distributors
|c 2007.[Reprinted 2007]
|
| 300 |
|
|
|a xv, 324 p. :
|b ill. ;
|c 23 cm.
|
| 500 |
|
|
|a "SOA in practice :the art of distributed system design"-- cover.
|
| 504 |
|
|
|a Includes bibliographical references (p. 285-291) and index.
|
| 541 |
1 |
|
|e 00024204
|
| 650 |
|
0 |
|a Computer network architectures.
|9 7594
|
| 650 |
|
0 |
|a Web services.
|9 7595
|
| 852 |
1 |
|
|a Ayesha Abed Library
|j General shelf
|
| 942 |
|
|
|2 ddc
|c BK
|
| 952 |
|
|
|0 0
|1 0
|4 0
|6 004_650000000000000_JOS
|7 0
|9 19153
|a BRACUL
|b BRACUL
|c GEN
|d 2012-01-15
|e Karim International
|g 618.00
|l 1
|o 004.65 JOS
|p 3010024204
|r 2017-06-19
|s 2017-06-12
|t 1
|w 2012-01-15
|y BK
|